[Event "Mistrzostwa Polski Juniorow Mlodszych do lat 12 - OOM Zachodniopomorskie 2023"]
[Site "Darlowek"]
[Date "1899-12-30"]
[Round "3.18"]
[White "Chmiel, Krzysztof"]
[Black "Pekala, Dawid"]
[Result "0-1"]
[WhiteTitle "II"]
[BlackTitle "I"]
[WhiteElo "1283"]
[BlackElo "1405"]

1. e4 c5 2. Nf3 d6 3. d4 cxd4 4. Nxd4 Nf6 5. Nc3 e6 6. h3 a6 7. g4 h6 8. Bg2 Be7
9. O-O O-O 10. f4 Qc7 11. g5 hxg5 12. fxg5 Ne8 13. h4 g6 14. h5 Nc6 15. hxg6 fxg6
16. Rxf8+ Bxf8 17. Nxc6 bxc6 18. Be3 e5 19. Qf3 Be6 20. Rf1 Bg7 21. Bh3 Qd7 22.
Bxe6+ Qxe6 23. Kg2 Nc7 24. a4 Rf8 25. Qe2 Rxf1 26. Qxf1 Qg4+ 27. Kh2 d5 28. exd5
cxd5 29. Bb6 Ne6 30. Nxd5 Nxg5 31. Ne3 Nf3+ 32. Kh1 Qh4+ 33. Kg2 Ne1+ 34. Kg1
Qg3+ 35. Kh1 Nf3 36. Ng4 Qxg4 37. Bf2 e4 38. c4 Qh5+ 39. Kg2 Qh2# 0-1

[Event "Mistrzostwa Polski Juniorow Mlodszych do lat 12 - OOM Zachodniopomorskie 2023"]
[Site "Darlowek"]
[Date "1899-12-30"]
[Round "3.19"]
[White "Ladon, Tymoteusz"]
[Black "Korszanski, Stanislaw"]
[Result "0-1"]
[WhiteTitle "II"]
[BlackTitle "I"]
[WhiteElo "1292"]
[BlackElo "1622"]

1. e4 e5 2. Nf3 Nc6 3. d4 exd4 4. Bc4 Nf6 5. e5 d5 6. Bb5 Nd7 7. O-O Be7 8. Re1
O-O 9. Bxc6 bxc6 10. Nxd4 Nb8 11. Qf3 Re8 12. Nc3 Bc5 13. Nb3 Bb6 14. Bf4 Bb7
15. Qg3 Re6 16. Bg5 Qe8 17. Bf6 Qf8 18. Ne2 Nd7 19. Ned4 Nxf6 20. Nxe6 fxe6 21.
exf6 Qxf6 22. c3 e5 23. Qf3 Qd6 24. Qg3 Rf8 25. Re2 Ba6 26. Rd2 Rf4 27. a4 Bc4
28. a5 Bxb3 29. axb6 axb6 30. Ra3 Bc4 31. Qh3 Rf8 32. Ra1 e4 33. Qg3 Qe6 34. Qh3
Qe5 35. Qg3 Qf5 36. Ra7 e3 37. Qf3 Qxf3 38. gxf3 exd2 39. Ra1 Bb3 0-1

[Event "Mistrzostwa Polski Juniorow Mlodszych do lat 12 - OOM Zachodniopomorskie 2023"]
[Site "Darlowek"]
[Date "1899-12-30"]
[Round "3.20"]
[White "Mroczkowski, Adam"]
[Black "Zalewski, Witold"]
[Result "1-0"]
[WhiteTitle "II"]
[BlackTitle "II"]
[WhiteElo "1402"]
[BlackElo "1292"]

1. e4 e6 2. d4 d5 3. exd5 exd5 4. Nf3 Nc6 5. c4 Nf6 6. Nc3 Be6 7. Bg5 Be7 8. Be2
O-O 9. O-O dxc4 10. Rb1 a6 11. Bxf6 Bxf6 12. d5 Bxc3 13. dxe6 Bf6 14. exf7+ Kh8
15. Bxc4 Na5 16. Be6 g6 17. Qc2 b6 18. Rfe1 c5 19. Qe4 Qc7 20. b3 Rad8 21. Rbd1
Nc6 22. Qc4 Nd4 23. Nxd4 Bxd4 24. Qxa6 Qf4 25. Qe2 Rd6 26. Qf3 Qxf3 27. gxf3 Kg7
28. a4 Kf6 29. Bc4 Rxf7 30. Bxf7 Kxf7 31. Kf1 Kf6 32. Re8 Kg5 33. Rde1 Rf6 34.
Kg2 h5 35. R8e6 Rf5 36. Rxb6 h4 37. h3 Rd5 38. Ree6 c4 39. bxc4 1-0

[Event "Mistrzostwa Polski Juniorow Mlodszych do lat 12 - OOM Zachodniopomorskie 2023"]
[Site "Darlowek"]
[Date "1899-12-30"]
[Round "3.21"]
[White "Lesik, Sebastian"]
[Black "Madejski, Milosz"]
[Result "1-0"]
[WhiteTitle "II"]
[BlackTitle "II"]
[WhiteElo "1358"]
[BlackElo "1236"]

1. d4 e6 2. c4 d5 3. Nc3 Nf6 4. Nf3 dxc4 5. e3 Bb4 6. Bxc4 Ne4 7. Qc2 Nd6 8. Bd3
h6 9. O-O O-O 10. a3 Ba5 11. b4 Bb6 12. Bb2 Re8 13. Rfd1 Nd7 14. Ne5 f5 15. Rac1
Qe7 16. Nb5 Nxe5 17. dxe5 Nxb5 18. Bxb5 c6 19. Bc4 Bd7 20. Qxf5 Rad8 21. Qc2 Rf8
22. Rd3 Kh8 23. Rcd1 Be8 24. Rxd8 Bxd8 25. Rd2 Bb6 26. Bd4 c5 27. bxc5 Bxc5 28.
Bxc5 Qxc5 29. Bxe6 Qxe5 30. Ba2 Rf6 31. Rd8 Rc6 32. Qd1 Qe7 33. h3 Rc7 34. Qd5
Qf8 35. Kh2 Re7 36. Qd6 Qf6 37. Qb8 Qc6 38. Bd5 Qb5 39. Qf4 Kh7 40. Qf5+ g6 41.
Qf8 Rd7 42. Qg8# 1-0

[Event "Mistrzostwa Polski Juniorow Mlodszych do lat 12 - OOM Zachodniopomorskie 2023"]
[Site "Darlowek"]
[Date "1899-12-30"]
[Round "3.22"]
[White "Hlubek, Tymoteusz"]
[Black "Marcinkowski, Adam"]
[Result "0-1"]
[WhiteTitle "II+"]
[BlackTitle "II"]
[WhiteElo "1203"]
[BlackElo "1363"]

1. f4 d5 2. Nf3 Nf6 3. e3 g6 4. b3 Bg7 5. Bb2 O-O 6. Be2 c5 7. O-O Bf5 8. h3 Ne4
9. Bxg7 Kxg7 10. Kh2 Nc6 11. d3 Nf6 12. Qc1 h5 13. Qb2 Qc7 14. Kg1 Rfe8 15. Nh4
Bd7 16. Nf3 e5 17. fxe5 Nxe5 18. Kf2 Nxf3 19. Bxf3 Qe5 20. Qxe5 Rxe5 21. Nd2 Rae8
22. Rae1 Bc6 23. Re2 g5 24. g3 Rf5 25. Kg1 g4 26. hxg4 hxg4 27. Bg2 Rfe5 28. Rfe1
Nh5 29. Nf1 f5 30. a3 a6 31. Kf2 Bb5 32. c4 Bc6 33. d4 cxd4 34. exd4 Rxe2+ 35.
Rxe2 Rxe2+ 36. Kxe2 f4 37. Bxd5 Bxd5 38. cxd5 Nxg3+ 39. Nxg3 fxg3 40. d6 Kf7 41.
d5 Ke8 42. Kf1 Kd7 43. Kg2 Kxd6 44. Kxg3 Kxd5 45. Kxg4 Kd4 46. Kf4 Kc3 47. b4
Kb3 0-1

[Event "Mistrzostwa Polski Juniorow Mlodszych do lat 12 - OOM Zachodniopomorskie 2023"]
[Site "Darlowek"]
[Date "1899-12-30"]
[Round "3.23"]
[White "Rabenda, Grzegorz"]
[Black "Misiek, Marcel"]
[Result "0-1"]
[WhiteTitle "II"]
[BlackTitle "II+"]
[WhiteElo "1322"]
[BlackElo "1350"]

1. e4 e5 2. Nf3 Nc6 3. Bc4 d6 4. c3 Bg4 5. h3 Bh5 6. d4 exd4 7. cxd4 Nf6 8. Nc3
Bxf3 9. gxf3 Qd7 10. Bb5 a6 11. Ba4 d5 12. e5 Ng8 13. Qb3 b5 14. Bxb5 axb5 15.
Nxb5 Bb4+ 16. Ke2 Rb8 17. a4 Nge7 18. Bg5 Rxb5 19. axb5 Nxd4+ 20. Kd1 Nxb3 21.
Ra8+ Nc8 22. Kc2 Nd4+ 23. Kd3 Qxb5+ 24. Kxd4 Qc5+ 25. Kd3 Qc4+ 26. Ke3 Bc5+ 27.
Kd2 Qd4+ 28. Kc2 Qc4+ 29. Kb1 Qd3+ 30. Ka1 Kd7 31. Rc1 Bd4 32. e6+ fxe6 33. Bf4
e5 34. Bg5 Qb3 35. Ra2 Nb6 36. Rb1 Ra8 37. Rxa8 Nxa8 0-1

[Event "Mistrzostwa Polski Juniorow Mlodszych do lat 12 - OOM Zachodniopomorskie 2023"]
[Site "Darlowek"]
[Date "1899-12-30"]
[Round "3.24"]
[White "Iwan, Patryk"]
[Black "Goralski, Mateusz"]
[Result "1/2-1/2"]
[WhiteTitle "II"]
[BlackTitle "II"]
[WhiteElo "1297"]
[BlackElo "1341"]

1. e4 c5 2. Nf3 Nc6 3. d4 cxd4 4. Nxd4 Qb6 5. Nb3 Nf6 6. Nc3 e6 7. Be3 Qc7 8. a3
a6 9. Qd2 d6 10. f3 Be7 11. O-O-O O-O 12. g4 Ne5 13. Be2 Nc4 14. Bxc4 Qxc4 15.
h4 b5 16. h5 a5 17. Qd3 Qxd3 18. Rxd3 b4 19. axb4 axb4 20. Nb1 Ba6 21. Rd2 Nd7
22. Bf4 Ne5 23. Bxe5 dxe5 24. Rd7 Bg5+ 25. Kd1 Rfd8 26. Rxd8+ Rxd8+ 27. Ke1 Rc8
28. Rh2 Bf4 29. Rg2 Bb5 30. Kd1 g6 31. hxg6 hxg6 32. N1d2 Kg7 33. g5 Rh8 34. c4
Ba4 35. Ke2 Rd8 36. Ke1 Rc8 37. Na5 1/2-1/2

[Event "Mistrzostwa Polski Juniorow Mlodszych do lat 12 - OOM Zachodniopomorskie 2023"]
[Site "Darlowek"]
[Date "1899-12-30"]
[Round "3.25"]
[White "Lewek, Jakub"]
[Black "Kucinski, Jan"]
[Result "1-0"]
[WhiteTitle "I"]
[BlackTitle "II"]
[WhiteElo "1337"]
[BlackElo "1116"]

1. e4 e6 2. c4 d5 3. exd5 exd5 4. cxd5 Nf6 5. Bb5+ Nbd7 6. Nc3 a6 7. Bxd7+ Bxd7
8. Nge2 Bd6 9. O-O O-O 10. h3 b5 11. a3 Qc8 12. d4 Re8 13. Bg5 Ne4 14. Nxe4 Rxe4
15. Nc3 Re8 16. Qd2 Bf5 17. Rfe1 Qd7 18. Bf4 Rad8 19. Bxd6 Qxd6 20. Rxe8+ Rxe8
21. Re1 Kf8 22. Rxe8+ Kxe8 23. Qg5 Qg6 24. Qe3+ Kd7 25. Ne2 Be4 26. Nf4 Qf5 27.
g4 Qf6 28. Qxe4 g5 29. Nd3 Qe7 30. Nc5+ Kd6 31. Nb7+ Kd7 32. Qf5+ Qe6 33. dxe6+
1-0

[Event "Mistrzostwa Polski Juniorow Mlodszych do lat 12 - OOM Zachodniopomorskie 2023"]
[Site "Darlowek"]
[Date "1899-12-30"]
[Round "3.26"]
[White "Szymczyk, Jan"]
[Black "Wasiluk, Dominik"]
[Result "1/2-1/2"]
[WhiteTitle "II"]
[BlackTitle "II+"]
[WhiteElo "1269"]
[BlackElo "1335"]

1. e4 c5 2. Nf3 e6 3. c3 d5 4. exd5 exd5 5. d4 Nc6 6. Bb5 a6 7. Bxc6+ bxc6 8. h3
Bd6 9. O-O Ne7 10. Re1 O-O 11. Nbd2 Rb8 12. Ne5 f6 13. Nef3 Ng6 14. Nf1 c4 15.
Qc2 Bf4 16. Be3 Qb6 17. Rab1 Qa5 18. b3 cxb3 19. Rxb3 Rxb3 20. Qxb3 Qb5 21. Qxb5
axb5 22. Bxf4 Nxf4 23. Re7 Bf5 24. Ng3 Bb1 25. Rc7 Bxa2 26. Rxc6 Ra8 27. Nf5 Bc4
28. Nd6 Ne2+ 29. Kh2 Nxc3 30. Nd2 h6 31. N2xc4 bxc4 32. Rc8+ Rxc8 33. Nxc8 Kf7
34. Kg3 Ne2+ 35. Kf3 Nxd4+ 36. Ke3 Nb5 37. Nb6 d4+ 38. Kd2 c3+ 39. Kd3 Na3 40.
Nd5 c2 41. Kd2 d3 42. Nb4 Nc4+ 43. Kc1 Ne5 44. f4 Nc4 45. Nxd3 Ne3 46. g4 Ke6
47. Kd2 c1=Q+ 48. Nxc1 Ng2 49. Ne2 g5 50. fxg5 hxg5 51. Kd3 Ke5 52. Ng1 Kf4 53.
Ne2+ Kf3 54. Nc3 Nf4+ 55. Kd4 Nxh3 56. Nd5 Kxg4 57. Nxf6+ Kf5 58. Nd5 Kg4 59.
Nf6+ Kf4 60. Nh5+ Kf3 61. Nf6 Nf2 62. Nd7 Ng4 63. Nf8 Nf6 64. Ng6 Nd7 65. Kd5
g4 66. Kd6 g3 67. Kxd7 Kg4 68. Ne5+ Kf4 69. Ng6+ Kg4 70. Ne5+ Kh3 71. Ng6 Kh2
72. Nf4 Kg1 73. Ne2+ Kf2 74. Nxg3 1/2-1/2

[Event "Mistrzostwa Polski Juniorow Mlodszych do lat 12 - OOM Zachodniopomorskie 2023"]
[Site "Darlowek"]
[Date "1899-12-30"]
[Round "4.1"]
[White "Karaszewski, Gabriel"]
[Black "Witczak, Borys"]
[Result "1/2-1/2"]
[WhiteTitle "I"]
[BlackTitle "I"]
[WhiteElo "1769"]
[BlackElo "1874"]

1. d4 Nf6 2. c4 g6 3. Nf3 Bg7 4. g3 O-O 5. Bg2 d6 6. O-O Nbd7 7. Nc3 e5 8. e4 exd4
9. Nxd4 Nc5 10. h3 Re8 11. Re1 h6 12. b4 Ne6 13. Nxe6 Bxe6 14. Qd3 Nd7 15. f4
Nb6 16. Bb2 Nxc4 17. Rab1 Nxb2 18. Rxb2 Qf6 19. Rc2 Qd4+ 20. Qxd4 Bxd4+ 21. Kh2
Bxc3 22. Rxc3 c6 23. Rd1 Red8 24. a3 a5 25. b5 cxb5 26. Rc7 b4 27. axb4 axb4 28.
Rb1 b3 29. f5 gxf5 30. exf5 Bxf5 31. Rxb3 Ra2 32. Rcxb7 Rc8 33. Rb8 Rxb8 34. Rxb8+
Kg7 35. Kg1 Rd2 36. Rb4 d5 37. Rf4 Be6 38. h4 d4 39. Be4 Bc4 40. Bf3 f6 41. Bh5
Bf7 42. Bf3 Bg6 43. Kf1 d3 44. Ke1 Rb2 45. h5 d2+ 46. Ke2 Be8 47. Rd4 Bb5+ 48.
Ke3 Rb3+ 49. Kf2 Rb2 1/2-1/2

[Event "Mistrzostwa Polski Juniorow Mlodszych do lat 12 - OOM Zachodniopomorskie 2023"]
[Site "Darlowek"]
[Date "1899-12-30"]
[Round "4.2"]
[White "Golis, Wiktor"]
[Black "Rozanski, Mateusz"]
[Result "1/2-1/2"]
[WhiteTitle "I++"]
[BlackTitle "I"]
[WhiteElo "2046"]
[BlackElo "1693"]

1. e4 e5 2. Nf3 Nc6 3. Bb5 a6 4. Ba4 Nf6 5. O-O Be7 6. Re1 b5 7. Bb3 d6 8. c3 O-O
9. h3 Bb7 10. d4 Re8 11. Ng5 Rf8 12. Nf3 h6 13. Nbd2 Re8 14. Nf1 Bf8 15. Ng3 g6
16. a4 Bg7 17. axb5 axb5 18. Rxa8 Qxa8 19. d5 Ne7 20. Bc2 Rd8 21. Be3 c6 22. dxc6
Bxc6 23. Qd2 Kh7 24. b3 Ne8 25. Rd1 d5 26. Bc5 Ng8 27. Qe2 dxe4 28. Rxd8 Qxd8
29. Bxe4 Bxe4 30. Nxe4 f5 31. Ned2 e4 32. Nd4 b4 33. Bxb4 Bxd4 34. cxd4 Qxd4 35.
Qc4 Qd7 36. Nf1 Ngf6 37. Bc3 f4 38. Qd4 Qxd4 39. Bxd4 Nd5 40. Nd2 Nd6 41. Kf1
e3 42. fxe3 fxe3 43. Nc4 Nf5 44. Ba7 h5 45. Ke2 Nf4+ 46. Kf3 e2 47. Bf2 Nd3 48.
Kxe2 Nc1+ 49. Kd2 Nxb3+ 50. Kc3 Nc1 51. g4 hxg4 52. hxg4 Nh6 53. Kd2 Nxg4 54.
Bb6 Na2 55. Ba5 Nf6 56. Kc2 Nd5 57. Ne5 Nab4+ 58. Bxb4 Nxb4+ 59. Kb3 Nd5 60. Nxg6
Kxg6 1/2-1/2

[Event "Mistrzostwa Polski Juniorow Mlodszych do lat 12 - OOM Zachodniopomorskie 2023"]
[Site "Darlowek"]
[Date "1899-12-30"]
[Round "4.3"]
[White "Brzezina, Piotr"]
[Black "Obrycki, Tomasz"]
[Result "1/2-1/2"]
[WhiteTitle "I"]
[BlackTitle "I"]
[WhiteElo "1956"]
[BlackElo "1786"]

1. d4 Nf6 2. c4 b6 3. Nc3 Bb7 4. f3 d5 5. cxd5 Nxd5 6. Nxd5 Qxd5 7. e4 Qd8 8. Be3
e6 9. Ne2 Nd7 10. Nc3 Be7 11. Bc4 O-O 12. Qb3 c5 13. Rd1 cxd4 14. Bxd4 Qc7 15.
Nb5 Qc6 16. Rc1 a6 17. Nc3 b5 18. Bd3 Nc5 19. Qc2 Nxd3+ 20. Qxd3 Rfd8 21. Ne2
Qd7 22. Qe3 Rac8 23. O-O Rxc1 24. Rxc1 Rc8 25. Kf1 Rxc1+ 26. Qxc1 Qc6 27. Kf2
Qxc1 28. Nxc1 f6 29. Nd3 Kf7 30. Bc5 Bd8 31. b4 e5 32. Bd6 Bb6+ 33. Nc5 1/2-1/2

[Event "Mistrzostwa Polski Juniorow Mlodszych do lat 12 - OOM Zachodniopomorskie 2023"]
[Site "Darlowek"]
[Date "1899-12-30"]
[Round "4.4"]
[White "Ochedzan, Filip"]
[Black "Perucki, Maciej"]
[Result "1/2-1/2"]
[WhiteTitle "I"]
[BlackTitle "I"]
[WhiteElo "1856"]
[BlackElo "1526"]

1. e4 Nf6 2. e5 Nd5 3. Nc3 Nxc3 4. dxc3 g6 5. Bf4 Bg7 6. Nf3 O-O 7. Qd2 d6 8. O-O-O
Nc6 9. exd6 cxd6 10. Bh6 Qa5 11. a3 Rd8 12. h4 Bg4 13. h5 gxh5 14. Bxg7 Kxg7 15.
Be2 f6 16. Nd4 Rh8 17. Bxg4 hxg4 18. Qh6+ Kf7 19. Rh5 Qc7 20. Nf5 Rag8 21. Qe3
Rg6 22. Rdh1 h6 23. Nxh6+ Ke8 24. Qe4 Ne5 25. f4 gxf3 26. gxf3 Qb6 27. Kb1 Rg1+
28. Ka2 Rxh1 29. Rxh1 Qc6 30. Qf5 Kd8 31. Rh4 Kc7 32. f4 Nf7 33. Qg6 Qd5+ 34.
Kb1 Rxh6 35. Rxh6 Nxh6 36. Qxh6 Qd1+ 37. Ka2 Qxc2 38. Qh5 Qe4 39. Qa5+ Kc8 40.
Qxa7 Qxf4 41. Qa8+ Kc7 42. Qa5+ Kc6 43. Qd8 Qc4+ 44. Ka1 Qe6 45. Qa5 Qe1+ 46.
Ka2 Qe4 47. Qd8 Qe6+ 48. Ka1 f5 49. Qa5 Qe4 50. Qd8 Qe1+ 51. Ka2 Qe6+ 52. Ka1
f4 53. Qf8 Qe3 54. Qc8+ Kb6 55. Qd8+ Ka6 56. Qa8+ Qa7 57. Qf8 Qg1+ 58. Ka2 Qg5
59. Qa8+ Kb6 60. Qd8+ Ka7 61. Qf8 Qd5+ 62. Ka1 e5 63. c4 Qd1+ 64. Ka2 f3 65. Qf7
Kb6 66. Qf8 Ka7 67. Qf7 Qd4 68. Qxf3 Qxc4+ 69. Ka1 Qc1+ 70. Ka2 Qc5 71. Qe4 Qb6
72. Qa4+ Qa6 73. Qe4 Qc6 74. Qe1 Qd5+ 75. Ka1 e4 76. Qe3+ Kb8 77. Qb6 Qc6 78.
Qd8+ Ka7 79. Qa5+ Qa6 80. Qd5 e3 81. Qd4+ Qb6 82. Qa4+ Kb8 83. Qe8+ Kc7 84. Qe7+
Kc6 85. Qe4+ 1/2-1/2

[Event "Mistrzostwa Polski Juniorow Mlodszych do lat 12 - OOM Zachodniopomorskie 2023"]
[Site "Darlowek"]
[Date "1899-12-30"]
[Round "4.5"]
[White "Czeremcha, Piotr"]
[Black "Radzimski, Antoni"]
[Result "1/2-1/2"]
[WhiteTitle "II"]
[BlackTitle "I++"]
[WhiteElo "1382"]
[BlackElo "1960"]

1. e4 c5 2. Nf3 d6 3. d4 cxd4 4. Nxd4 Nf6 5. Nc3 Bd7 6. Be2 e5 7. Nb3 Bc6 8. f3
Be7 9. Be3 O-O 10. O-O Nbd7 11. Qd2 Qc7 12. Rfd1 Rfd8 13. Qe1 b6 14. Rd2 Nc5 15.
Nxc5 bxc5 16. Bc4 Rab8 17. b3 h6 18. Bd5 Rb4 19. Bxc6 Qxc6 20. Nd5 Nxd5 21. Rxd5
Rd4 22. Rd1 f5 23. Bxd4 cxd4 24. Qe2 Rc8 25. Qc4 Qxc4 26. bxc4 fxe4 27. fxe4 Rxc4
28. Ra5 Rxc2 29. Rxa7 Bg5 30. h3 Re2 31. Ra6 Be7 32. Ra7 Kf7 33. a4 Ke6 34. a5
Ra2 35. a6 Bg5 36. Ra8 Be3+ 37. Kh1 Kf7 38. a7 Kg6 39. Kh2 Kg5 40. Kg3 Ra3 41.
Kh2 h5 42. g3 Ra2+ 43. Kh1 h4 44. gxh4+ Kxh4 45. Rg1 Bxg1 46. Rh8+ Kg3 47. a8=Q
Rxa8 48. Rxa8 Be3 49. Rg8 d3 50. Rxg7+ Kxh3 51. Rg3+ Kxg3 1/2-1/2

[Event "Mistrzostwa Polski Juniorow Mlodszych do lat 12 - OOM Zachodniopomorskie 2023"]
[Site "Darlowek"]
[Date "1899-12-30"]
[Round "4.7"]
[White "Pekala, Dawid"]
[Black "Dobrowolski, Kamil"]
[Result "0-1"]
[WhiteTitle "I"]
[BlackTitle "II"]
[WhiteElo "1405"]
[BlackElo "1532"]

1. e4 c5 2. Nf3 Nc6 3. d4 cxd4 4. Nxd4 Nf6 5. f3 d6 6. c4 g6 7. Be3 Bg7 8. Qd2
O-O 9. Be2 Bd7 10. O-O Rc8 11. Na3 a6 12. Rac1 Qc7 13. Rfd1 Rfd8 14. b4 Nxd4 15.
Bxd4 Be6 16. Kh1 Nd7 17. Bxg7 Kxg7 18. f4 Nf6 19. Qe3 Kh8 20. h3 Qc6 21. f5 Qxe4
22. Qxe4 Nxe4 23. fxe6 Ng3+ 24. Kh2 Nxe2 25. Rc2 Nf4 26. Rf2 Nxe6 27. Rxf7 Rc7
28. Re1 Rf8 29. Rxf8+ Nxf8 30. b5 Kg7 31. b6 Rd7 32. Nc2 Kf7 33. Rf1+ Ke8 34.
Ne3 e6 35. Kg3 Rf7 36. Rd1 Ke7 37. Re1 Kd7 38. a4 Kc6 39. a5 Nd7 40. Ng4 e5 41.
Re2 Rf4 42. Ne3 Nc5 43. Rc2 Ne4+ 44. Kh2 Rf2 45. Rxf2 Nxf2 46. Kg3 Ne4+ 47. Kf3
Nf6 48. g4 Kc5 49. g5 Nh5 50. Nd5 Nf4 51. Nc7 Kxc4 52. Nxa6 Kb5 53. Nb8 Kxa5 54.
Nd7 Nxh3 55. Ke4 Nf4 56. Ke3 Kb5 0-1

[Event "Mistrzostwa Polski Juniorow Mlodszych do lat 12 - OOM Zachodniopomorskie 2023"]
[Site "Darlowek"]
[Date "1899-12-30"]
[Round "4.8"]
[White "Kaszuba, Michal"]
[Black "Gorecki, Michal"]
[Result "1/2-1/2"]
[WhiteTitle "II+"]
[BlackTitle "II"]
[WhiteElo "1527"]
[BlackElo "1408"]

1. d4 Nf6 2. Nf3 g6 3. g3 Bg7 4. Bg2 d6 5. O-O O-O 6. c4 Nc6 7. Nc3 e5 8. d5 Ne7
9. e4 Nd7 10. Bg5 f6 11. Be3 f5 12. Qe2 Nf6 13. Nd2 Bd7 14. b4 Ng4 15. f3 Nxe3
16. Qxe3 f4 17. Qf2 g5 18. g4 Qe8 19. Nb3 h5 20. h3 Ng6 21. a4 hxg4 22. hxg4 Rf7
23. c5 Bf8 24. Qe2 Rh7 25. Nb5 Bxb5 26. Qxb5 b6 27. Qxe8 Rxe8 28. c6 a6 29. Rf2
Nh4 30. Bf1 Ra8 31. Nd2 Re7 32. Rh2 Ree8 33. Kf2 Kf7 34. Bd3 Bg7 35. Rah1 Rh8
36. Nb1 a5 37. bxa5 Rxa5 38. Bb5 Bf6 39. Na3 Ke7 40. Nc2 Raa8 41. Ne1 Kf7 42.
Nd3 Ke7 43. Nb4 Ra7 44. Nd3 Raa8 45. Ne1 Kf7 46. Ng2 Ra5 47. Nxh4 gxh4 48. Kg2
Bg5 49. Kh3 Ke7 50. Rg2 Ra7 51. Ra1 Ra5 52. Rga2 Rha8 53. Ra3 Rh8 54. R3a2 Rha8
55. Ra3 Rh8 1/2-1/2

[Event "Mistrzostwa Polski Juniorow Mlodszych do lat 12 - OOM Zachodniopomorskie 2023"]
[Site "Darlowek"]
[Date "1899-12-30"]
[Round "4.9"]
[White "Seemann, Adam"]
[Black "Boryna, Szymon"]
[Result "0-1"]
[WhiteTitle "II"]
[BlackTitle "II+"]
[WhiteElo "1381"]
[BlackElo "1478"]

1. e4 e6 2. d4 d5 3. Nd2 c5 4. exd5 exd5 5. Ngf3 Nc6 6. Bb5 Bd6 7. dxc5 Bxc5 8.
O-O Nge7 9. Re1 O-O 10. Nb3 Bd6 11. Be3 Bg4 12. Bd3 Ne5 13. Nbd4 N7c6 14. Be2
Nxd4 15. Nxd4 Qh4 16. Bxg4 Nxg4 17. h3 Nxe3 18. Rxe3 Qf4 19. Nf3 Rfd8 20. Rd3
Qc4 21. c3 Bc7 22. Rd4 Qb5 23. Rb4 Qd7 24. Rxb7 Bh2+ 25. Kxh2 Qxb7 26. Qd2 Rab8
27. b3 Rbc8 28. Rd1 Qc7+ 29. Kg1 Qxc3 30. Qg5 d4 31. Qh5 h6 32. Ne5 Rc7 33. Rd3
Qc1+ 34. Kh2 Qf4+ 35. Rg3 Rd5 36. Nd3 Qxg3+ 0-1

[Event "Mistrzostwa Polski Juniorow Mlodszych do lat 12 - OOM Zachodniopomorskie 2023"]
[Site "Darlowek"]
[Date "1899-12-30"]
[Round "4.10"]
[White "Kisiel, Wiktor"]
[Black "Mielcuch, Karol"]
[Result "0-1"]
[WhiteTitle "II"]
[BlackTitle "II"]
[WhiteElo "1458"]
[BlackElo "1363"]

1. d4 Nf6 2. c4 e6 3. Nf3 Bb4+ 4. Bd2 a5 5. g3 b6 6. Bg2 Bb7 7. O-O Bxd2 8. Qxd2
d6 9. Nc3 O-O 10. Rfe1 Nbd7 11. e4 e5 12. Rad1 Qe7 13. b3 Rfd8 14. Nd5 Nxd5 15.
exd5 Qf6 16. dxe5 Nxe5 17. Nxe5 dxe5 18. Qe3 Re8 19. f4 e4 20. Bxe4 g6 21. Qf3
Qe7 22. f5 a4 23. Qf4 axb3 24. axb3 Ra2 25. d6 cxd6 26. f6 Qe6 27. Rxd6 Qh3 28.
Rd2 Rxd2 29. Qxd2 Qe6 30. Qh6 Qxf6 31. Qd2 Bxe4 32. Qd7 Rd8 33. Qxd8+ Qxd8 34.
Rxe4 Qd1+ 0-1

[Event "Mistrzostwa Polski Juniorow Mlodszych do lat 12 - OOM Zachodniopomorskie 2023"]
[Site "Darlowek"]
[Date "1899-12-30"]
[Round "4.11"]
[White "Sakharchuk, Aliaksandr"]
[Black "Jasiulewicz, Kamil"]
[Result "1/2-1/2"]
[WhiteTitle "II+"]
[BlackTitle "II"]
[WhiteElo "1378"]
[BlackElo "1486"]

1. e4 e5 2. Nc3 Nf6 3. f4 exf4 4. Nf3 Bb4 5. d3 d6 6. Bxf4 Nc6 7. Be2 O-O 8. O-O
Re8 9. Bg5 Bxc3 10. bxc3 d5 11. exd5 Qxd5 12. Bxf6 gxf6 13. Nd2 f5 14. d4 Qe6
15. Bd3 Ne7 16. Qf3 Qc6 17. Rae1 Bd7 18. c4 Qb6 19. Nb3 a5 20. Kh1 Ng6 21. Rxe8+
Rxe8 22. Bxf5 Bxf5 23. Qxf5 Re7 24. Qxa5 Qe6 25. d5 Qe2 26. Rg1 Qxc4 27. Qa8+
Kg7 28. Qxb7 Qxc2 29. Qa7 Re2 30. Nd4 Qxa2 31. Qxc7 Rxg2 32. Nf5+ Kf6 33. Qb6+
Kxf5 34. Rxg2 Qxd5 35. Qb1+ Ke6 36. Qa2 Qxa2 37. Rxa2 Kf6 38. Kg2 Kg5 39. Ra7
Ne5 40. Kg3 h6 41. Ra5 f6 42. Ra4 Kg6 43. Rd4 h5 44. Kf4 Nc6 45. Rd6 Ne7 46. Rd1
Kf7 47. Re1 Nc6 48. Rc1 Nd4 49. Rd1 Ne6+ 50. Kg3 Kg6 51. Kh4 Ng5 52. Rd3 Ne4 53.
Rd8 Ng5 54. Kg3 Ne6 55. Rd6 Ng5 56. Kf4 Nh3+ 57. Ke4 Ng5+ 58. Ke3 Nf7 59. Rd2
Ne5 60. Ke4 Nc4 61. Ra2 Nd6+ 62. Kd5 Nf5 63. Rb2 Kf7 64. Ke4 Nd6+ 65. Kf4 Kg6
66. Rg2+ Kf7 67. Rd2 Nc4 68. Rd4 Ne5 69. Kf5 Ke7 70. Rh4 Kf7 71. Rxh5 Kg7 72.
Rh3 Nc6 73. Rd3 Ne7+ 74. Ke6 Nc6 75. Rg3+ Kh6 76. Kxf6 Kh5 77. Rh3+ Kg4 78. Rh8
Nb4 79. h4 Nd5+ 80. Kf7 Nf4 81. Kf6 Nh5+ 82. Ke5 Ng3 83. Rg8+ Kxh4 84. Rg7 Nh5
85. Rg1 Ng3 86. Rg2 Kg4 87. Rf2 Nh5 88. Rf8 Ng3 89. Rf7 Nh5 90. Rf8 Ng3 91. Rf7
Nh5 92. Ke4 Ng3+ 93. Ke3 Nf5+ 94. Ke4 Nd6+ 95. Kd5 Nxf7 1/2-1/2

[Event "Mistrzostwa Polski Juniorow Mlodszych do lat 12 - OOM Zachodniopomorskie 2023"]
[Site "Darlowek"]
[Date "1899-12-30"]
[Round "4.12"]
[White "Korszanski, Stanislaw"]
[Black "Rutkowski, Feliks"]
[Result "1-0"]
[WhiteTitle "I"]
[BlackTitle "II"]
[WhiteElo "1622"]
[BlackElo "1413"]

1. e4 e5 2. Nf3 Nf6 3. Nxe5 d6 4. Nf3 Nxe4 5. Nc3 Nxc3 6. dxc3 Be7 7. Bd3 Nd7 8.
Be3 O-O 9. Qd2 Nf6 10. O-O-O c5 11. h3 b5 12. g4 c4 13. g5 cxd3 14. gxf6 dxc2
15. Rdg1 Bxf6 16. Bh6 g6 17. Bxf8 Qxf8 18. Nd4 b4 19. Rg3 bxc3 20. bxc3 Bxd4 21.
Qxd4 Bf5 22. Kd2 d5 23. Rhg1 a5 24. Qe5 Qc8 25. h4 Qe6 26. Re3 Qxe5 27. Rxe5 Be4
28. Rc1 Kg7 29. c4 Kf6 30. f4 Rd8 31. Ke2 Rb8 32. cxd5 Rb1 33. Kd2 Rxc1 34. Kxc1
Bf5 35. d6 h6 36. Kd2 a4 37. a3 g5 38. hxg5+ hxg5 39. Rxf5+ 1-0

[Event "Mistrzostwa Polski Juniorow Mlodszych do lat 12 - OOM Zachodniopomorskie 2023"]
[Site "Darlowek"]
[Date "1899-12-30"]
[Round "4.13"]
[White "Wons, Krystian"]
[Black "Wojciechowski, Szymon"]
[Result "1/2-1/2"]
[WhiteTitle "I"]
[BlackTitle "II+"]
[WhiteElo "1422"]
[BlackElo "1479"]

1. Nf3 d5 2. g3 Nf6 3. Bg2 c5 4. d4 Nc6 5. O-O cxd4 6. Nxd4 e5 7. Nxc6 bxc6 8.
c4 h6 9. Nc3 Be6 10. Qa4 Qd7 11. Rd1 Rd8 12. Be3 Be7 13. cxd5 cxd5 14. Qxd7+ Rxd7
15. Rac1 d4 16. Bc6 dxe3 17. Bxd7+ Bxd7 18. fxe3 O-O 19. Nd5 Nxd5 20. Rxd5 Be6
21. Rxe5 Bf6 22. Ra5 Bxb2 23. Rc2 Bf6 24. Rxa7 Bg5 25. Kf2 Re8 26. Rc3 Bf6 27.
Rca3 Bd5 28. Rd7 Be6 29. Rda7 Bd5 30. Rd7 Bc6 31. Rc7 Ba8 32. Rca7 Bh1 33. Kg1
Bd5 34. Kf2 1/2-1/2

[Event "Mistrzostwa Polski Juniorow Mlodszych do lat 12 - OOM Zachodniopomorskie 2023"]
[Site "Darlowek"]
[Date "1899-12-30"]
[Round "4.14"]
[White "Reterski, Wiktor"]
[Black "Zawal, Krzysztof"]
[Result "0-1"]
[WhiteTitle "II"]
[BlackTitle "I"]
[WhiteElo "1247"]
[BlackElo "1462"]

1. d4 Nf6 2. c4 e6 3. Nf3 b6 4. g3 Bb7 5. Bg2 c5 6. d5 exd5 7. Nh4 d6 8. O-O Be7
9. Nf5 O-O 10. Nc3 Nbd7 11. Bf4 Ne5 12. Bxe5 dxe5 13. cxd5 Bd6 14. e4 a6 15. f4
Bc8 16. Nxd6 Qxd6 17. f5 Nd7 18. g4 f6 19. h4 c4 20. g5 Nc5 21. g6 h6 22. Qh5
Nd3 23. Nd1 Qc5+ 24. Kh1 Bd7 25. Qe2 b5 26. Nf2 Nf4 27. Qd2 b4 28. Rac1 Rac8 29.
Ng4 c3 30. bxc3 bxc3 31. Qe3 Qxe3 32. Nxe3 Ne2 33. Rc2 Ng3+ 34. Kg1 Nxf1 35. Bxf1
Ba4 36. Rc1 c2 37. Bxa6 Rc3 38. Kf2 Rb8 39. d6 Kf8 40. d7 Bxd7 0-1

[Event "Mistrzostwa Polski Juniorow Mlodszych do lat 12 - OOM Zachodniopomorskie 2023"]
[Site "Darlowek"]
[Date "1899-12-30"]
[Round "4.15"]
[White "Smolinski, Wojciech"]
[Black "Mroczkowski, Adam"]
[Result "0-1"]
[WhiteTitle "II"]
[BlackTitle "II"]
[WhiteElo "1439"]
[BlackElo "1402"]

1. e4 e5 2. Nf3 Nc6 3. Bc4 Bc5 4. c3 Nf6 5. d3 O-O 6. O-O d6 7. b4 Bb6 8. a4 a6
9. Nbd2 Be6 10. Bb3 Ba7 11. Re1 Ne7 12. Nf1 Ng6 13. Ng3 h6 14. d4 Re8 15. d5 Bd7
16. Be3 Ng4 17. Rc1 Nxe3 18. fxe3 a5 19. Kh1 Nh4 20. Nxh4 Qxh4 21. Qh5 Qxh5 22.
Nxh5 Bb6 23. b5 f5 24. exf5 Bxf5 25. e4 Bd7 26. Bd1 Rf8 27. Bf3 g6 28. Ng3 Rf4
29. Ne2 Rf6 30. Ng1 Raf8 31. h3 Kg7 32. Rf1 g5 33. Be2 Rf4 34. Rxf4 Rxf4 35. Rf1
Rxe4 36. Bh5 Rf4 37. Rxf4 exf4 38. Bf3 Bf5 39. Bd1 Be4 40. Bb3 Bxg1 41. Kxg1 Kf6
42. Kf2 Ke5 43. c4 Kd4 0-1